000 00276nmm a2200097Ia 4500
008 220120s9999||||xx |||||||||||||||||und||
082 _a006.3 SOM
100 _aSoman, K.P. Diwakar, Shyam, and Ajay, V
245 0 _aInsight in to data mining: theory and practice
260 _c2008
999 _c139363
_d139363